| 000 | 01208naa a22003257a 4500 | ||
|---|---|---|---|
| 001 | BR6200139 | ||
| 003 | BR-BrBNA | ||
| 005 | 20240918173243.0 | ||
| 007 | ta | ||
| 008 | 230509b bl.||||| |||| 00| 0 por d | ||
| 040 |
_aBR-BrBNA _bpor _cBiblioteca Nacional de Agricultura |
||
| 041 | _a(Pt) | ||
| 072 |
_aL50 _b6100 _b8954 |
||
| 090 | _aL50 BR6200139 | ||
| 100 | 1 | _aAndreasi, F. | |
| 100 | 1 | _aVeiga, J.S.M. | |
| 111 | 1 |
_a8. Congresso Brasileiro de Veterinaria _cBelo Horizonte, MG (Brazil) _d29 Jul 1962 |
|
| 245 | 1 | _aAplicabilidade do metodo indicadore - oxido cromico- para a determinacao da digestibilidade aparente em aves leghorn [Racao; Pinto; Fezes; Analise biologica] | |
| 260 | 3 |
_aBelo Horizonte, MG (Brasil): _c1962. |
|
| 500 | _aAnais do 8. Congresso Brasileiro de Veterinaria Belo Horizonte, MG (Brasil): 1962. p. 294-295 (BR6200139-AM)L50 | ||
| 650 | _aLEGHORN | ||
| 650 | _aPINTO | ||
| 650 | _aRACAO | ||
| 650 | _aDIGESTIBILIDADE | ||
| 650 | _aFEZES | ||
| 650 | _aANALISE BIOLOGICA | ||
| 773 | 0 |
_tAnais do 8. Congresso Brasileiro de Veterinaria _wL50 BR6200139 _gBelo Horizonte, MG (Brasil), 1962. p. 294-295 |
|
| 909 |
_a202404 _bLucia _c55 _dLucia Elande |
||
| 942 |
_cAM _2AGRIS |
||
| 999 |
_c303587 _d303587 |
||